LEADER 00904nam0-22003131i-450- 001 990008131620403321 005 20050623140506.0 035 $a000813162 035 $aFED01000813162 035 $a(Aleph)000813162FED01 035 $a000813162 100 $a20050616d1969----km-y0itay50------ba 101 0 $aita 102 $aIT 105 $ay-------001yy 200 1 $aCecoslovacchia$ela sinistra nel nuovo corso$fa cura di Sirio Di Giuliomaria 210 $aRoma$cSamonà e Savelli$d©1969 215 $a95 p.$d19 cm 225 1 $aCultura politica$v39 300 $aDocumentazione originariamente pubbl. in Intercontinental press 676 $a943.7$v20$zita 702 1$aDi Giuliomaria,$bSirio 801 0$aIT$bUNINA$gRICA$2UNIMARC 901 $aBK 912 $a990008131620403321 952 $aXI G AA.VV. 179$bs.i.$fDFD 959 $aDFD 996 $aCecoslovacchia$9530165 997 $aUNINA LEADER 01234nam0-2200385---450- 001 990008588720403321 005 20080507094733.0 010 $a2-07-071416-0 035 $a000858872 035 $aFED01000858872 035 $a(Aleph)000858872FED01 035 $a000858872 100 $a20071126d1989----km-y0itay50------ba 101 1 $afre 102 $aFR 105 $aa---a---001yy 200 1 $a<>deux corps du roi$eessai sur la théologie politique au Moyen Âge$fErnst Kantorowicz$gtraduit da l'anglais par Jean-Philippe Genet et Nicole Genet 210 $a[Paris]$cGallimard$d1989 215 $a638 p., tav. 1-32$d23 cm 225 1 $aBibliothèque des histoires 300 $aOuvrage publiè avec le concours du Centre National des Lettre 610 0 $aSovranità$aMedioevo 676 $a321.5$v21$zita 700 1$aKantorowicz,$bErnst Hartwig$f<1895-1963>$0133396 702 1$aGenêt,$bJean-Philippe$f<1944- > 702 1$aGenet,$bNicole 801 0$aIT$bUNINA$gRICA$2UNIMARC 901 $aBK 912 $a990008588720403321 952 $aSDI-KD 432$b588$fSDI 952 $a321.5 KAN 1$bBibl. 7321$fFLFBC 959 $aFLFBC 959 $aSDI 996 $aDeux corps du roi$9713139 997 $aUNINA LEADER 02470nam 22006493 450 001 9910800125003321 005 20240419205035.0 010 $a9781438495323 010 $a1438495323 035 $a(MiAaPQ)EBC30513039 035 $a(Au-PeEL)EBL30513039 035 $a(OCoLC)1411298681 035 $a(CKB)29091782100041 035 $a(Perlego)4167335 035 $a(EXLCZ)9929091782100041 100 $a20231130d2023 uy 0 101 0 $aeng 135 $aurcnu|||||||| 181 $ctxt$2rdacontent 182 $cc$2rdamedia 183 $acr$2rdacarrier 200 10$aChronicling a Crisis $eSUNY Oneonta's Pandemic Diaries 205 $aFirst edition. 210 1$aAlbany :$cState University of New York Press,$d2023. 210 4$d©2023. 215 $a1 online resource (410 pages) 225 0 $aSUNY Press Open Access Series. 311 08$a9781438495309 311 08$a1438495307 311 08$a9781438495316 311 08$a1438495315 327 $aPart 1. Spring 2020. March -- April -- May -- Part 2. Summer 2020. June -- July -- August -- Part 3. Fall 2020. September -- October -- November -- Part 4. Winter. December -- January -- Part 5. Spring. February -- March -- April -- May and June. 330 $aA primary source collection of the local impact of the COVID pandemic on a college community which both records and reflects upon the nature of daily life during a crisis. 606 $aCOVID-19 Pandemic, 2020-2023$xInfluence 606 $aCommunity and college$zNew York (State)$xSocial conditions 606 $aCollege students$zNew York (State)$xSocial conditions 606 $aCOVID-19$3https://id.nlm.nih.gov/mesh/D000086382 606 $aStudents$3https://id.nlm.nih.gov/mesh/D013334 606 $aSocial Conditions$3https://id.nlm.nih.gov/mesh/D012924 615 0$aCOVID-19 Pandemic, 2020-2023$xInfluence. 615 0$aCommunity and college$xSocial conditions. 615 0$aCollege students$xSocial conditions. 615 2$aCOVID-19. 615 2$aStudents. 615 2$aSocial Conditions. 676 $a378.747 700 $aBeck$b Ed$f1987-$01735516 701 $aChase$b Darren$g(Darren Daniel)$01726144 701 $aHendley$b Matthew$f1966-$01587484 701 $aTraitor$b Ann A.$f1966-$01726145 801 0$bMiAaPQ 801 1$bMiAaPQ 801 2$bMiAaPQ 906 $aBOOK 912 $a9910800125003321 996 $aChronicling a Crisis$94154717 997 $aUNINA